000 00749nam a2200265Ia 4500
003 OSt
005 20220912145253.0
006 a|||||r|||| 00| 0
007 ta
008 220909b |||||||| |||| 00| 0 eng d
024 _a78321
037 _cTextual
040 _aCSL
_beng
_cCSL
041 _aeng
082 _aK:11, K1
100 _aRichard E
245 0 _aDirectory of zoological taxonomists of the world
260 _aIllinois
_bSouthern Illinois University Press
_c1961
300 _axvii, 404p.
_ccm.
650 _a Zoological taxonomists-Directory
650 _aZological directory
700 _a Blackwelder Ruth M
942 _hK:11, K1
_cTEXL
_2CC
999 _c27550
_d27550